00616cam a22002171 4500001001300000003000400013005001700017008004100034010001700075035001900092040001800111042001200129050002500141082001000166100003300176245007100209260004500280300002700325490002900352999001700381ca 34001151 DLC20260227111133.0790503s1930 xx 000 0 eng  aca 34001151  a(OCoLC)4923484 aDLCcOCldDLC apremarc00aPS3513.E563bM5 1930 a812.51 aGeorge, Charles,d1893-1960.10aMiss Adventure,ba farce comedy in three acts,cby Charles George. aBoston,bWalter H. Baker companyc[1930] a83 p.bdiagrs.c19 cm.0 aBaker's edition of plays c17454d17454